000
00236nam a2200097Ia 4500
001
683244
005
20250826161434.0
008
250824s9999 xx 000 0 und d
245
0
_a
NAIMA
_c
BEHÇET NECATİGİL
260
_b
EVEREST YAYINLARI
999
_c
683244
_d
683244